"Paradicsomi" tájékoztatás
Elmentve itt :
| Szerző: | |
|---|---|
| Dokumentumtípus: | Cikk |
| Megjelent: |
1991-09-06
|
| Sorozat: | Délmagyarország
81 No. 209 |
| Kulcsszavak: | konzevgyár |
| Online Access: | http://dmarchiv.bibl.u-szeged.hu/105099 |
| LEADER | 00459nab a2200157 i 4500 | ||
|---|---|---|---|
| 001 | delm105099 | ||
| 005 | 20190927135621.0 | ||
| 008 | 190927s1991 hu o 0|| hun d | ||
| 040 | |a SZTE Délmagyarország Archívum |b hun | ||
| 041 | |a hun | ||
| 100 | 2 | |a Tóth Szeles István | |
| 245 | 1 | 0 | |a "Paradicsomi" tájékoztatás |h [elektronikus dokumentum] / |c Tóth Szeles István |
| 260 | |c 1991-09-06 | ||
| 300 | |a 3 | ||
| 490 | 0 | |a Délmagyarország |v 81 No. 209 | |
| 695 | |a konzevgyár | ||